000
00233nam a2200097Ia 4500
001
691002
005
20250826161827.0
008
250824s9999 xx 000 0 und d
245
0
_a
ELFİDA
_c
ONUR KAPLAN
260
_b
HAYY KİTAP YAYINLARI
999
_c
691002
_d
691002